Bart's amazing charts / (Record no. 5926)

MARC details
000 -LEADER
fixed length control field 01242cam a2200373 a 4500
001 - CONTROL NUMBER
control field 5926
003 - CONTROL NUMBER IDENTIFIER
control field FISKH
005 - DATE AND TIME OF LATEST TRANSACTION
control field 20250826105309.0
008 - FIXED-LENGTH DATA ELEMENTS--GENERAL INFORMATION
fixed length control field 990223s1999 nyua b 000 1 eng
010 ## - LIBRARY OF CONGRESS CONTROL NUMBER
LC control number 99020216
020 ## - INTERNATIONAL STANDARD BOOK NUMBER
International Standard Book Number 0439099536
020 ## - INTERNATIONAL STANDARD BOOK NUMBER
International Standard Book Number 9780439693264
040 ## - CATALOGING SOURCE
Original cataloging agency DLC
Transcribing agency DLC
Modifying agency DLC
Language of cataloging eng
042 ## - AUTHENTICATION CODE
Authentication code lcac
050 ## - LIBRARY OF CONGRESS CALL NUMBER
Classification number PZ7.O165 B
082 ## - DEWEY DECIMAL CLASSIFICATION NUMBER
Classification number 509
100 1# - MAIN ENTRY--PERSONAL NAME
Personal name Ochiltree, Dianne.
Dates associated with a name (1953-)
245 10 - TITLE STATEMENT
Title Bart's amazing charts /
Statement of responsibility, etc. by Dianne Ochiltree ; illustrated by Martin Lemelman ; math activities by Marilyn Burns.
250 ## - EDITION STATEMENT
Edition statement This edition first published in 1999
260 ## - PUBLICATION, DISTRIBUTION, ETC.
Place of publication, distribution, etc. New York :
Name of publisher, distributor, etc. Scholastic,
Date of publication, distribution, etc. 1999.
300 ## - PHYSICAL DESCRIPTION
Extent 29 unnumbered pages :
Other physical details color illustrations ;
Dimensions 23 cm.
440 #0 - SERIES STATEMENT/ADDED ENTRY--TITLE
Title Hello reader! Math.
Number of part/section of a work Level 3
505 ## - FORMATTED CONTENTS NOTE
Formatted contents note N<br/>
520 ## - SUMMARY, ETC.
Summary, etc. A young boy uses different kinds of charts and graphs to present information about his life. Includes related activities.
521 8# - TARGET AUDIENCE NOTE
Target audience note 550<br/>
Source Lexile<br/>
521 8# - TARGET AUDIENCE NOTE
Target audience note N<br/>
Source Raz-Plus<br/>
650 #1 - SUBJECT ADDED ENTRY--TOPICAL TERM
Topical term or geographic name entry element Graphic methods
Form subdivision Fiction.
650 #1 - SUBJECT ADDED ENTRY--TOPICAL TERM
Topical term or geographic name entry element Living math
Form subdivision Graphing
700 1# - ADDED ENTRY--PERSONAL NAME
Personal name Lemelman, Martin,
Relator term illustrator
700 1# - ADDED ENTRY--PERSONAL NAME
Personal name Burns, Marilyn,
Dates associated with a name 1941-
906 ## - LOCAL DATA ELEMENT F, LDF (RLIN)
a 7
b cbc
c orignew
d 1
e ocip
f 19
g y-gencatlg
942 ## - ADDED ENTRY ELEMENTS (KOHA)
Source of classification or shelving scheme Dewey Decimal Classification
Koha item type Books
Suppress in OPAC No
Holdings
Withdrawn status Lost status Source of classification or shelving scheme Damaged status Not for loan Collection Home library Current library Shelving location Date acquired Total Checkouts Full call number Barcode Date last seen Copy number Price effective from Koha item type
    Dewey Decimal Classification     Juvenile Fiction Footprints International School Library Network Toul Tom Poung Campus Footprints International School Library Network Toul Tom Poung Campus TTP Primary Yellow Bookshelves 02/07/2025   OCH 509 PZ7.O165 B 2025-0450 02/07/2025 1 02/07/2025 Books
    Dewey Decimal Classification     Juvenile Fiction Footprints International School Library Network Toul Tom Poung Campus Footprints International School Library Network Toul Tom Poung Campus TTP Primary Yellow Bookshelves 08/07/2025   OCH 509 PZ7.O165 B FISBK02702 08/07/2025 2 08/07/2025 Books
    Dewey Decimal Classification     Juvenile Fiction Footprints International School Library Network Toul Tom Poung Campus Footprints International School Library Network Toul Tom Poung Campus TTP Primary Yellow Bookshelves 08/26/2025   OCH 509 PZ7.O165 B FIS01983 08/26/2025 3 08/26/2025 Books